Asuntos críticos en los métodos de investigación cualitativa

-д хадгалсан:
Номзүйн дэлгэрэнгүй
Үндсэн зохиолч: Morse, Janice M. (autora)
Формат: Ном
Хэл сонгох:испани
Хэвлэсэн: Medellín Universidad de Antioquía 2003
Хэвлэл:1a. ed
Цуврал:Contus
Нөхцлүүд:
Шошгууд: Шошго нэмэх
Шошго байхгүй, Энэхүү баримтыг шошголох эхний хүн болох!

MARC

LEADER 00000nam a2200000 a 4500
001 UCK8107
003 CL-VaPUC
008 060120e20030000CK |||||||||||||||||spa|d
020 |a 9586556565 
082 0 4 |a 300.72  |b MOR  |2 21 
100 |a Morse, Janice M.  |e autora  |9 497899 
245 1 0 |a Asuntos críticos en los métodos de investigación cualitativa 
250 |a 1a. ed 
300 |a 447 p 
942 |c BK 
945 |d 20060120 00:00:00  |a cmena 
260 |a Medellín  |b Universidad de Antioquía  |c 2003 
650 0 |a Investigación cualitativa  |9 389535 
650 0 |a Métodos de investigación   |9 262618 
650 0 |a Fenomenología  |9 256519 
650 0 |a Etnografía   |9 309735 
650 0 |a Ciencias sociales  |v Investigación  |9 307767 
583 |a last modification  |c 20060120 00:00:00  |k Rodrigo Vera 
490 0 |a Contus 
999 |c 315916  |d 315914 
952 |0 0  |1 0  |4 0  |6 300_720000000000000_MOR_2003  |7 0  |8 A  |9 389782  |a BIBGIM  |b BIBGIM  |d 2019-11-22  |i 4204158  |l 2  |m 1  |o 300.72 MOR 2003  |p 4204158  |r 2025-03-03  |s 2025-01-22  |w 2019-11-22  |y BK  |k SSL